EuroGlobalMap launches (Record no. 73447)
[ view plain ]
| 000 -LEADER | |
|---|---|
| fixed length control field | 01188cam a2200229 4500 |
| 001 - CONTROL NUMBER | |
| control field | ABS67071 |
| 008 - FIXED-LENGTH DATA ELEMENTS--GENERAL INFORMATION | |
| fixed length control field | 030924n2003 000 0 eng u |
| 035 ## - SYSTEM CONTROL NUMBER | |
| System control number | (Sirsi) u123706 |
| 100 ## - MAIN ENTRY--PERSONAL NAME | |
| Personal name | Mikkola, A |
| 245 ## - TITLE STATEMENT | |
| Title | EuroGlobalMap launches |
| 260 ## - PUBLICATION, DISTRIBUTION, ETC. | |
| Date of publication, distribution, etc. | 2003 |
| 490 ## - SERIES STATEMENT | |
| Series statement | Geomatics World |
| Volume/sequential designation | 11(6) September/October 2003 |
| 520 ## - SUMMARY, ETC. | |
| Summary, etc. | In July 2003, EuroGeographics, the association of European National Mapping Agencies, launched the first release of the EuroGlobalMap (EGM) dataset. EGM is a digital topographic dataset which covers Europe at a scale of 1.1m. It is seamless and harmonised data, produced in co-operation by the national data mapping agencies of Europe, using official national databases. The production of the dataset was co-funded by the European Commission (eContent). The first release contains six themes; administrative boundaries; hydrography; transport; settlements; elevation and; named location (geographical names). [Taken from journal headnote]. |
| 590 ## - LOCAL NOTE (RLIN) | |
| Local note | ABS |
| 650 ## - SUBJECT ADDED ENTRY--TOPICAL TERM | |
| Topical term or geographic name entry element | EUROPE |
| 650 ## - SUBJECT ADDED ENTRY--TOPICAL TERM | |
| Topical term or geographic name entry element | DIGITAL MAP DATA |
| 650 ## - SUBJECT ADDED ENTRY--TOPICAL TERM | |
| Topical term or geographic name entry element | DIGITAL MAPS |
| 650 ## - SUBJECT ADDED ENTRY--TOPICAL TERM | |
| Topical term or geographic name entry element | GEOGRAPHICAL INFORMATION |
| 690 ## - LOCAL SUBJECT ADDED ENTRY--TOPICAL TERM (OCLC, RLIN) | |
| Topical term or geographic name as entry element | Geomatics |
| 9 (RLIN) | 6242 |
| 700 ## - ADDED ENTRY--PERSONAL NAME | |
| Personal name | Ursin, H. |
| 942 ## - ADDED ENTRY ELEMENTS (KOHA) | |
| Suppress in OPAC | 0 |
| Withdrawn status | Lost status | Source of classification or shelving scheme | Damaged status | Not for loan | Home library | Current library | Shelving location | Date acquired | Total Checkouts | Full call number | Barcode | Date last seen | Copy number | Price effective from | Koha item type |
|---|---|---|---|---|---|---|---|---|---|---|---|---|---|---|---|
| Dewey Decimal Classification | London | London | Journal article | 24/09/2003 | ABS67071 | 123706-1001 | 06/08/2019 | 1 | 06/08/2019 | Journal article |